|
|
|
|
| LEADER |
00000nab a2200000 a 4500 |
| 001 |
vtls000600826 |
| 003 |
SK-MaSNL |
| 005 |
20260304231853.0 |
| 008 |
140302c1996 xo 0 slo |
| 015 |
|
|
|a SNBRB19rr/mm-uuuuu
|
| 035 |
|
|
|a CL0600965
|
| 040 |
|
|
|a SNKBUCL
|b slo
|c SNKBUCL
|e AACR2
|
| 041 |
0 |
|
|a slo
|
| 044 |
|
|
|a xo
|c SK
|
| 080 |
|
|
|a 362.1
|2 1981
|
| 100 |
1 |
|
|a Bielik, Ján,
|d 1955-
|4 aut
|9 9470
|
| 245 |
1 |
0 |
|a Stav a smerovanie zdravotníckej starostlivosti
|c Ján Bielik
|
| 650 |
0 |
7 |
|a zdravotná starostlivosť
|2 snkbucl
|9 1303
|
| 655 |
|
7 |
|a články z novín a časopisov
|2 snkbucl
|9 267496
|
| 773 |
0 |
|
|t Zdravotnícke noviny
|g Roč. 1, č. 26 (1996), s. 4
|
| 850 |
|
|
|a Slovenská národná knižnica v Martine
|a MTA001
|
| 852 |
|
|
|a SNK
|b KIS3GCP
|
| 958 |
|
|
|a RK
|
| 992 |
|
|
|a RBX
|
| 999 |
|
|
|c 3190921
|d 3192851
|